مثنويات حالي ## Mas̲naviyāt-i Ḥālī / (Record no. 80496)
[ view plain ]
| 000 -LEADER | |
|---|---|
| fixed length control field | 00829naa a2200217 a 4500 |
| 001 - CONTROL NUMBER | |
| control field | 80496 |
| 003 - CONTROL NUMBER IDENTIFIER | |
| rucl marc code | BD-RjUL |
| 005 - DATE AND TIME OF LATEST TRANSACTION | |
| control field | 20221010120416.0 |
| 008 - FIXED-LENGTH DATA ELEMENTS--GENERAL INFORMATION | |
| fixed length control field | 221010s1966 pk ||||| |||| 00| 0 urd d |
| 035 ## - SYSTEM CONTROL NUMBER | |
| System control number | (BD-RjUL)80496 |
| 040 ## - CATALOGING SOURCE | |
| Original cataloging agency | BD-RjUL |
| Language of cataloging | eng |
| Transcribing agency | BD-RjUL |
| 041 ## - LANGUAGE CODE | |
| Language code of text/sound track or separate title | urd |
| 082 ## - DEWEY DECIMAL CLASSIFICATION NUMBER | |
| Edition number | 23 |
| Classification number | 891.4391 |
| Author mark and year | HAK 1966 |
| 100 1# - MAIN ENTRY--PERSONAL NAME | |
| Personal name | Ḥālī, K̲h̲vājah Alt̤āf Ḥusain, |
| Dates associated with a name | 1837-1914 |
| 9 (RLIN) | 5146 |
| 245 10 - TITLE STATEMENT | |
| Title | مثنويات حالي ## Mas̲naviyāt-i Ḥālī / |
| Statement of responsibility, etc. | خواجہ الطاف حسىن حالى ؛ مقدمہ ; مرتضى حسىن فاضل., K̲h̲vājah Alt̤āf Ḥusain Ḥālī; ; muqaddamah ; Murtaẓá Ḥusain Fāẓil |
| 260 ## - PUBLICATION, DISTRIBUTION, ETC. (IMPRINT) | |
| Place of publication, distribution, etc. | Lāhaur: |
| Name of publisher, distributor, etc. | شىخ مبارک على , |
| Date of publication, distribution, etc. | 1966 |
| 300 ## - PHYSICAL DESCRIPTION | |
| Pagination | 206 p. ; |
| Size | 22 cm |
| 650 ## - SUBJECT ADDED ENTRY--TOPICAL TERM | |
| Topical term or geographic name as entry element | Urdu poetry |
| Chronological subdivision | 19th century |
| 9 (RLIN) | 5147 |
| 700 ## - ADDED ENTRY--PERSONAL NAME | |
| Personal name | Fazil, Mirza Husain |
| 942 ## - ADDED ENTRY ELEMENTS (KOHA) | |
| Source of classification or shelving scheme | Dewey Decimal Classification |
| Koha item type | Books |
| Lost status | Source of classification or shelving scheme | Damaged status | Not for loan | Collection code | Permanent Location | Current Location | Shelving location | Date acquired | Source of acquisition | Cost, normal purchase price | Total Checkouts | Full call number | Date last seen | Copy number | Koha item type |
|---|---|---|---|---|---|---|---|---|---|---|---|---|---|---|---|
| Dewey Decimal Classification | Not For Loan | Non-fiction | Central Library, University of Rajshahi | Central Library, University of Rajshahi | Reading Room | 09/05/1967 | Sh Mubarak Ali, Lahore | 6.00 | U 891.4391 HAK 1966 | 10/10/2022 | C-1 | Books |